| 000 | 00717nam a2200181 i 4500 | ||
|---|---|---|---|
| 001 | 35679 | ||
| 003 | ES-MaACL | ||
| 005 | 20251005063034.0 | ||
| 007 | t| | ||
| 008 | 030213s1918 sp ||||1| spa d | ||
| 100 | 1 |
_aBrocá, Guillermo María de, _d1850-1918 _931823 |
|
| 245 | 1 | 0 |
_aHistoria del derecho de Cataluña, especialmente del civil, y exposición de las instituciones del derecho civil del mismo territorio en relación con el Código civil de España y la jurisprudencia / _cpor Guillermo Mª Broca. |
| 260 |
_aBarcelona : _bJuan Gili, _c1918. |
||
| 300 |
_a883 p. ; _c25 cm. |
||
| 650 |
_aDerecho civil- _zCataluña- _vHistoria. _9161513 |
||
| 852 |
_aES-MaACL _jB-13354 |
||
| 999 |
_c35679 _d35679 |
||